| 000 | 00568nam a2200205 4500 | ||
|---|---|---|---|
| 003 | OSt | ||
| 005 | 20260601171010.0 | ||
| 008 | 260506b\\\\\\\\||||||||\||||\00|\0\eng\d | ||
| 020 | _a0942604660 | ||
| 040 |
_aICI _bspa _cICI |
||
| 050 |
_aHT151 _b.U73 |
||
| 100 | 1 |
_aDiebler Finke, Gail _932957 |
|
| 245 | 1 |
_aUrban Identities: _bCreating city images throught Design |
|
| 264 |
_bMadison Square Press _c1998 _aNew York |
||
| 300 | _a188 páginas | ||
| 336 |
_atexto _2rdacontent |
||
| 337 |
_asin medio _2rdamedia |
||
| 338 |
_avolumen _2rdacarrier |
||
| 942 |
_2ddc _cB _n1 |
||
| 999 |
_c20464 _d20464 |
||